<?xml version="1.0" encoding="UTF-8"?>
<record
    xmlns:xsi="http://www.w3.org/2001/XMLSchema-instance"
    xsi:schemaLocation="http://www.loc.gov/MARC21/slim http://www.loc.gov/standards/marcxml/schema/MARC21slim.xsd"
    xmlns="http://www.loc.gov/MARC21/slim">

  <leader>00322nam a22001337a 4500</leader>
  <controlfield tag="003">OSt</controlfield>
  <controlfield tag="005">20230728131551.0</controlfield>
  <controlfield tag="008">230728b        |||||||| |||| 00| 0 eng d</controlfield>
  <datafield tag="040" ind1=" " ind2=" ">
    <subfield code="c">CO-JMCR</subfield>
  </datafield>
  <datafield tag="082" ind1="0" ind2="4">
    <subfield code="a">N</subfield>
    <subfield code="b">SANe</subfield>
  </datafield>
  <datafield tag="100" ind1="1" ind2="0">
    <subfield code="a">Sanderson, Brandon, </subfield>
    <subfield code="e">autor</subfield>
    <subfield code="9">84</subfield>
  </datafield>
  <datafield tag="245" ind1=" " ind2=" ">
    <subfield code="a">Escuadr&#xF3;n / </subfield>
    <subfield code="c">Brandon Sanderson</subfield>
  </datafield>
  <datafield tag="942" ind1=" " ind2=" ">
    <subfield code="2">ddc</subfield>
    <subfield code="c">BK</subfield>
  </datafield>
  <datafield tag="999" ind1=" " ind2=" ">
    <subfield code="c">30142</subfield>
    <subfield code="d">16526</subfield>
  </datafield>
  <datafield tag="952" ind1=" " ind2=" ">
    <subfield code="0">0</subfield>
    <subfield code="1">0</subfield>
    <subfield code="2">ddc</subfield>
    <subfield code="4">0</subfield>
    <subfield code="7">0</subfield>
    <subfield code="8">FIC</subfield>
    <subfield code="a">CPL</subfield>
    <subfield code="b">CPL</subfield>
    <subfield code="d">2023-07-28</subfield>
    <subfield code="l">2</subfield>
    <subfield code="o">N SANe</subfield>
    <subfield code="p">35714005559904</subfield>
    <subfield code="r">2023-12-22 00:00:00</subfield>
    <subfield code="s">2023-10-30</subfield>
    <subfield code="t">Ej.1</subfield>
    <subfield code="w">2023-07-28</subfield>
    <subfield code="y">BK</subfield>
    <subfield code="z">Material interbibliotecario Biblored</subfield>
  </datafield>
</record>
